01294nam a2200229 i 4500001000300000111007200003245008300075246005800158260004600216300004200262490022700304500019100531504002400722650001500746655002900761830009900790040000800889041001300897080001500910008004100925856009800966bg2 aKrajowa Konferencja Robotykin(6 ;d1998 ;cŚwieradów-Zdrój).13aVI Krajowa Konferencja Robotyki =bSixth National Confrence on RoboticsnT. 1. iTyt. równol.:aSixth National Confrence on Robotics aWrocław :bOficyna Wydawnicza PW,c1998. a318 s. :bfot., rys., wykr. ;c24 cm.1 aPrace Naukowe Instytutu Cybernetyki Technicznej Politechniki Wrocławskiej. Konferencje =aScientific Papers of the Institute of Technical Cybernetics of the Wrocław University of Technology. Conferences,x0324-9794 ;v44 aTyt. równol. : Sixth National Conference on Robotics. - Nr serii gł. : 98. - Konferencja zorg. w Świeradowie-Zdroju, 9-12 września 1998 r. - Tekst częśc. ang. - Streszcz. ang. aBibliogr. przy ref. 9aAutomatyka aMateriały konferencyjne 0aPrace Naukowe Instytutu Cybernetyki Technicznej Politechniki Wrocławskiej.pKonferencje ;v44 cBPK0 aplenben a681.5(061) s pl f |000 0 pol  uhttp://koha.tu.koszalin.pl/cgi-bin/koha/opac-detail.pl?biblionumber=34520yKatalog online BPK